00809cmm a22001815a 4500020001700000040000800017082002600025245004800051260004500099300002600144500002700170500003300197520020000230650002000430942001000450999001700460952015000477 a756123650980 cDLC a754 WOR 1994 C279 Or.04aThe Cobb Group's WordPerfect collection CD. a[Louisville, Ky.] :bCobb Group,cc1994. a1 CD-ROM ;c4 3/4 in. aTitle from disc label. aProduction level cataloging. aArticles about WordPerfect derived from journals entitled Inside WordPerfect, The WordPerfectionist, and Inside WordPerfect for Windows. Includes shareware, freeware, and public domain utilities. 0aWord processing cAEDBB c22197d22197 0010406754_000000000000000_WOR_1994_C279_OR70996482aLBCbLBCcC279d2023-11-16o754 WOR 1994 C279 Or.pa16918r2023-11-16w2023-11-16yAEDBB